书目信息 |
| 题名: |
机器伙伴
|
|
| 作者: | 马修斯 , 格林斯潘 著 ;智越坤 译 | |
| 分册: | ||
| 出版信息: | 北京 中国科学技术出版社 2024.05 |
|
| 页数: | 191页 | |
| 开本: | 24cm | |
| 丛书名: | ||
| 单 册: | ||
| 中图分类: | TP18 | |
| 科图分类: | ||
| 主题词: | 人工智能--ren gong zhi neng--研究 | |
| 电子资源: | ||
| ISBN: | 978-7-5236-0506-6 | |
| 000 | 01530nam0 2200301 450 | |
| 001 | 92877 | |
| 005 | 20250818164714.14 | |
| 010 | @a978-7-5236-0506-6@dCNY69.00 | |
| 100 | @a20240529d2024 em y0chiy50 ea | |
| 101 | 1 | @achi@ceng |
| 102 | @aCN@b110000 | |
| 105 | @aa z 000yy | |
| 106 | @ar | |
| 200 | 1 | @a机器伙伴@Aji qi huo ban@e人机协同的未来时代@d= Automation and collaborative robotics@ea guide to the future of work@f(英) 彼得·马修斯, (美) 史蒂文·格林斯潘著@g智越坤译@zeng |
| 210 | @a北京@c中国科学技术出版社@d2024.05 | |
| 215 | @a191页@c图@d24cm | |
| 300 | @a中科书院 | |
| 314 | @a彼得·马修斯 (Peter Matthews), 彼得是一名英国作家和研究科学家, 拥有超过40年的1T经验。史蒂文·格林斯潘 (Steven Greenspan), 史蒂文拥有纽约州立大学水牛城分校的认知心理学博士学位, 并在加州大学圣地亚哥分校和印第安纳大学进行博士后研究。 | |
| 330 | @a本书主要包括为未来工作做准备 ; 机器人在工作 ; 机器人的社会意义三部分, 主要内容包括: 机器人会取代人类吗? ; 技术定义 ; 机器人流程自动化 ; 团队中的机器人 ; 无臂机器人 ; 数据世界中的机器人 ; 社会中的机器人 ; 未来的工作。 | |
| 500 | 10 | @aAutomation and collaborative robotics : a guide to the future of work@mChinese |
| 517 | 1 | @a人机协同的未来时代@Aren ji xie tong de wei lai shi dai |
| 606 | 0 | @a人工智能@Aren gong zhi neng@x研究 |
| 690 | @aTP18@v5 | |
| 701 | 1 | @a马修斯@Ama xiu si@g(Matthews, Peter)@4著 |
| 701 | 1 | @a格林斯潘@Age lin si pan@g(Greenspan, Steven)@4著 |
| 702 | 0 | @a智越坤@Azhi yue kun@4译 |
| 801 | 0 | @aCN@c20250909 |
| 905 | @a河南城建学院图书馆@dTP18@eM191@f1 | |
| 机器伙伴:人机协同的未来时代= Automation and collaborative robotics:a guide to the future of work/(英) 彼得·马修斯, (美) 史蒂文·格林斯潘著/智越坤译.-北京:中国科学技术出版社,2024.05 |
| 191页:图;24cm |
| 中科书院 |
| ISBN 978-7-5236-0506-6:CNY69.00 |
| 本书主要包括为未来工作做准备 ; 机器人在工作 ; 机器人的社会意义三部分, 主要内容包括: 机器人会取代人类吗? ; 技术定义 ; 机器人流程自动化 ; 团队中的机器人 ; 无臂机器人 ; 数据世界中的机器人 ; 社会中的机器人 ; 未来的工作。 |
| ● |
| 相关链接 |
|
|
|
正题名:机器伙伴
索取号:TP18/M191
 
预约/预借
| 序号 | 登录号 | 条形码 | 馆藏地/架位号 | 状态 | 备注 |
| 1 | 1626835 | 216268358 | 自科库301/301自科库 102排2列3层/ [索取号:TP18/M191] | 在馆 |